[Event "FRA-ch op FIDE"]
[Site "Paris"]
[Date "1994.??.??"]
[Round "9"]
[White "Delanoy, Arnaud"]
[Black "Tourneur, Jean Francois"]
[Result "0-1"]
[WhiteElo "2120"]
[BlackElo "2250"]
[PlyCount "52"]
[EventDate "1994.??.??"]
[EventType "swiss"]
[EventRounds "9"]
[EventCountry "FRA"]
[SourceTitle "EXT 1998"]
[Source "ChessBase"]
[SourceDate "1997.11.17"]
[SourceVersion "1"]
[SourceVersionDate "1997.11.17"]
[SourceQuality "1"]

1. e4 c5 2. Nf3 e6 3. d4 cxd4 4. Nxd4 Nf6 5. Nc3 d6 6. Be2 a6 7. 0-0 Be7 8. f4 0-0 9. Kh1 Qc7 10. Qe1 Nc6 11. Be3 Bd7 12. Qg3 Kh8 13. e5 dxe5 14. fxe5 Qxe5 15. Qf2 Bd6 16. Nf3 Ng4 17. Nxe5 Nxf2+ 18. Rxf2 Nxe5 19. Ne4 Be7 20. Bd4 Bc6 21. Ng3 Nd7 22. Rd1 Kg8 23. Bc4 b5 24. Bb3 Nc5 25. Re1 Rad8 26. c3 Nd3 0-1

[Event "FRA-ch op FIDE"]
[Site "Paris"]
[Date "1994.??.??"]
[Round "7"]
[White "Nalbandian, Tigran"]
[Black "Tourneur, Jean Francois"]
[Result "1-0"]
[WhiteElo "2485"]
[BlackElo "2250"]
[PlyCount "75"]
[EventDate "1994.??.??"]
[EventType "swiss"]
[EventRounds "9"]
[EventCountry "FRA"]
[SourceTitle "EXT 1998"]
[Source "ChessBase"]
[SourceDate "1997.11.17"]
[SourceVersion "1"]
[SourceVersionDate "1997.11.17"]
[SourceQuality "1"]

1. d4 d5 2. c4 e6 3. Nf3 c5 4. cxd5 exd5 5. g3 Nf6 6. Bg2 Be7 7. 0-0 0-0 8. Nc3 Nc6 9. Bg5 cxd4 10. Nxd4 h6 11. Be3 Re8 12. Rc1 Bf8 13. Ncb5 Bd7 14. Bf4 Nxd4 15. Nxd4 Qb6 16. Nb3 Bg4 17. Rc2 Qa6 18. Be3 Bf5 19. Rc7 Rac8 20. Rxc8 Rxc8 21. Nd4 Be4 22. f3 Bg6 23. Qb3 Rc4 24. Rc1 Rb4 25. Qa3 Qxa3 26. bxa3 Rb1 27. Kf2 Bxa3 28. Rc8+ Kh7 29. h4 Bb4 30. Bh3 Ra1 31. Nc2 Bxc2 32. Rxc2 b6 33. Bf5+ g6 34. Bd4 Bc5 35. Rxc5 Rd1 36. Rc7 Rxd4 37. Rxf7+ Kg8 38. Be6 1-0

[Event "FRA-ch op FIDE"]
[Site "Paris"]
[Date "1994.??.??"]
[Round "8"]
[White "Tourneur, Jean Francois"]
[Black "Le Bourhis, Dominique"]
[Result "0-1"]
[WhiteElo "2250"]
[BlackElo "2050"]
[PlyCount "138"]
[EventDate "1994.??.??"]
[EventType "swiss"]
[EventRounds "9"]
[EventCountry "FRA"]
[SourceTitle "EXT 1998"]
[Source "ChessBase"]
[SourceDate "1997.11.17"]
[SourceVersion "1"]
[SourceVersionDate "1997.11.17"]
[SourceQuality "1"]

1. d4 Nf6 2. c4 c5 3. d5 b5 4. cxb5 a6 5. Nc3 axb5 6. e4 b4 7. Nb5 d6 8. Bf4 g5 9. Bxg5 Nxe4 10. Bf4 Bg7 11. Bd3 Nf6 12. Nf3 Bb7 13. Bc4 Nh5 14. Qd2 Nxf4 15. Qxf4 Nd7 16. 0-0 Nf6 17. Nh4 Bc8 18. Rfe1 Kf8 19. Re3 Ng4 20. Re2 Be5 21. Qe4 Qd7 22. h3 Bf6 23. Nf3 Ne5 24. Nxe5 Bxe5 25. f4 Bf6 26. Rae1 Qf5 27. Qxf5 Bxf5 28. g4 Bd7 29. g5 Bxb5 30. Bxb5 Bd4+ 31. Kh2 Rxa2 32. Rb1 Rg8 33. h4 h6 34. Bc6 Ra7 35. Rbe1 hxg5 36. fxg5 Be5+ 37. Kh3 f6 38. Rf1 Kf7 39. Bb5 Ra2 40. Bd7 Rg7 41. Rff2 Kg8 42. Be6+ Kh8 43. Rxe5 dxe5 44. d6 Ra6 45. gxf6 exf6 46. Rxf6 Ra8 47. h5 Rd8 48. Kh4 e4 49. Bf5 Rg1 50. d7 e3 51. Re6 Rxd7 52. Re8+ Rg8 53. Rxe3 Rd4+ 54. Kh3 Rd1 55. Bg6 c4 56. Re7 Rc8 57. h6 Rh1+ 58. Kg4 Rxh6 59. Bf5 Rg8+ 60. Kf4 Rh4+ 61. Ke5 Rg1 62. Rb7 c3 63. bxc3 bxc3 64. Rc7 Rg3 65. Rc8+ Kg7 66. Rc7+ Kf8 67. Rc8+ Kg7 68. Rc7+ Kh8 69. Rc8+ Rg8 0-1

[Event "FRA-ch op FIDE"]
[Site "Paris"]
[Date "1994.??.??"]
[Round "6"]
[White "Tourneur, Jean Francois"]
[Black "Seknadje Askenazi, Jose"]
[Result "1-0"]
[WhiteElo "2250"]
[BlackElo "2180"]
[PlyCount "69"]
[EventDate "1994.??.??"]
[EventType "swiss"]
[EventRounds "9"]
[EventCountry "FRA"]
[SourceTitle "EXT 1998"]
[Source "ChessBase"]
[SourceDate "1997.11.17"]
[SourceVersion "1"]
[SourceVersionDate "1997.11.17"]
[SourceQuality "1"]

1. d4 e6 2. Nf3 Nf6 3. c4 c5 4. d5 exd5 5. cxd5 d6 6. Nc3 g6 7. Nd2 Bg7 8. e4 0-0 9. Be2 b6 10. 0-0 Ba6 11. a4 Re8 12. f4 Bxe2 13. Qxe2 a6 14. Qf3 Ra7 15. Nc4 h5 16. h3 h4 17. e5 dxe5 18. fxe5 Nh5 19. Bf4 Nd7 20. Rae1 Nxf4 21. Qxf4 Nf8 22. Qf3 Nh7 23. d6 Ng5 24. Qc6 Ne6 25. Qxb6 Qd7 26. Nd5 Ng5 27. Nc7 Nxh3+ 28. Kh1 Ng5 29. Nxe8 h3 30. e6 hxg2+ 31. Kxg2 Nxe6 32. Nxg7 Nxg7 33. Qb8+ Kh7 34. Ne5 Qxa4 35. Qxa7 1-0

[Event "Paris-ch op"]
[Site "Paris"]
[Date "1993.??.??"]
[Round "5"]
[White "Giffard, Nicolas"]
[Black "Tourneur, Jean Francois"]
[Result "0-1"]
[WhiteElo "2370"]
[BlackElo "2210"]
[PlyCount "60"]
[EventDate "1993.04.??"]
[EventType "swiss"]
[EventRounds "9"]
[EventCountry "FRA"]
[SourceTitle "TD"]
[Source "ChessBase"]
[SourceDate "1994.03.01"]
[SourceVersion "1"]
[SourceVersionDate "1994.03.01"]
[SourceQuality "1"]

1. b3 d5 2. Bb2 Nf6 3. g3 e6 4. Bg2 c5 5. Nf3 Be7 6. 0-0 0-0 7. c4 Nc6 8. e3 b6 9. Nc3 Bb7 10. cxd5 exd5 11. d4 Re8 12. dxc5 bxc5 13. Qd3 Nb4 14. Qb1 Qb6 15. Rd1 Rad8 16. Na4 Qc6 17. a3 Na6 18. Ne5 Qc8 19. Qc2 Ne4 20. Rac1 Bf6 21. Nd3 d4 22. f3 Nc3 23. Bxc3 dxc3 24. e4 c4 25. bxc4 Qxc4 26. Bf1 Qc7 27. Nf4 Bd4+ 28. Kg2 Be3 29. Bxa6 Bxc1 30. Rxc1 Rd2+ 0-1

[Event "Paris-ch op"]
[Site "Paris"]
[Date "1993.??.??"]
[Round "9"]
[White "Tourneur, Jean Francois"]
[Black "Dussol, Pierre"]
[Result "1/2-1/2"]
[WhiteElo "2210"]
[BlackElo "2315"]
[PlyCount "83"]
[EventDate "1993.04.??"]
[EventType "swiss"]
[EventRounds "9"]
[EventCountry "FRA"]
[SourceTitle "EXT 1998"]
[Source "ChessBase"]
[SourceDate "1997.11.17"]
[SourceVersion "1"]
[SourceVersionDate "1997.11.17"]
[SourceQuality "1"]

1. d4 Nf6 2. c4 c5 3. d5 e5 4. Nc3 d6 5. e4 Nbd7 6. Bd3 Be7 7. Nf3 Nf8 8. h3 Ng6 9. Be3 Bd7 10. a3 Qc8 11. Qd2 Nh5 12. Ne2 0-0 13. g4 Nhf4 14. Nxf4 Nxf4 15. Bxf4 exf4 16. Qxf4 a6 17. Kf1 b5 18. Kg2 Rb8 19. b3 Qc7 20. e5 dxe5 21. Qxe5 Qd8 22. Rad1 Rb6 23. Rhe1 Bf6 24. Qe3 Qc8 25. Qe4 g6 26. Ne5 Re8 27. Qf4 Qb8 28. d6 Bxe5 29. Rxe5 Rxe5 30. Qxe5 Qxd6 31. Qxd6 Rxd6 32. Be2 Rxd1 33. Bxd1 bxc4 34. bxc4 Be6 35. Be2 Kf8 36. Kf3 Ke7 37. Ke4 g5 38. f4 f6 39. fxg5 fxg5 40. Ke5 h6 41. Bf1 Bg8 42. Be2 1/2-1/2

[Event "Paris-ch op"]
[Site "Paris"]
[Date "1993.??.??"]
[Round "4"]
[White "Tourneur, Jean Francois"]
[Black "Grimberg, Gilbert"]
[Result "1-0"]
[WhiteElo "2210"]
[BlackElo "2315"]
[PlyCount "85"]
[EventDate "1993.04.??"]
[EventType "swiss"]
[EventRounds "9"]
[EventCountry "FRA"]
[SourceTitle "EXT 1998"]
[Source "ChessBase"]
[SourceDate "1997.11.17"]
[SourceVersion "1"]
[SourceVersionDate "1997.11.17"]
[SourceQuality "1"]

1. d4 Nf6 2. c4 c5 3. d5 b5 4. cxb5 a6 5. Nc3 axb5 6. e4 b4 7. Nb5 d6 8. Bf4 Nxe4 9. Bd3 g5 10. Be3 Qa5 11. Qe2 f5 12. f3 b3+ 13. Kf1 f4 14. Bxf4 gxf4 15. Qxe4 Kd8 16. a4 Nd7 17. Ne2 Qd2 18. Kf2 Ne5 19. Rhd1 Qxb2 20. Rab1 Nxd3+ 21. Qxd3 Qc2 22. Qxb3 Qxb3 23. Rxb3 Rxa4 24. Nbc3 Rc4 25. Ne4 Bg7 26. Nxf4 Rf8 27. g3 Rc2+ 28. Rd2 Bd4+ 29. Ke2 Rc1 30. Ra2 Ra1 31. Rxa1 Bxa1 32. Ra3 Be5 33. Ne6+ Bxe6 34. dxe6 Rf5 35. Ra8+ Kc7 36. Ra7+ Kc6 37. Rxe7 d5 38. Rf7 Rh5 39. Nxc5 Bxg3 40. hxg3 Re5+ 41. Kd3 Kxc5 42. e7 h5 43. f4 1-0

[Event "Paris-ch op"]
[Site "Paris"]
[Date "1993.??.??"]
[Round "6"]
[White "Tourneur, Jean Francois"]
[Black "Solozhenkin, Evgeniy"]
[Result "0-1"]
[WhiteElo "2210"]
[BlackElo "2480"]
[PlyCount "54"]
[EventDate "1993.04.??"]
[EventType "swiss"]
[EventRounds "9"]
[EventCountry "FRA"]
[SourceTitle "TD"]
[Source "ChessBase"]
[SourceDate "1994.03.01"]
[SourceVersion "1"]
[SourceVersionDate "1994.03.01"]
[SourceQuality "1"]

1. d4 Nf6 2. c4 e6 3. Nc3 Bb4 4. a3 Bxc3+ 5. bxc3 c5 6. e3 Nc6 7. Bd3 d6 8. Ne2 e5 9. 0-0 h6 10. Ng3 0-0 11. d5 Ne7 12. f4 exf4 13. exf4 b5 14. f5 bxc4 15. Bxc4 Kh8 16. Ra2 Qa5 17. Re2 Neg8 18. Ba2 Bd7 19. Ne4 Nxe4 20. Rxe4 Qxc3 21. Rh4 Bb5 22. Rf3 Qf6 23. Rhf4 Rfe8 24. Rf2 Qe5 25. Bd2 Nf6 26. Qc1 Ne4 27. f6 Nxd2 0-1

[Event "Paris-ch op"]
[Site "Paris"]
[Date "1992.??.??"]
[Round "6"]
[White "Tourneur, Jean Francois"]
[Black "Patrat, Alexandre"]
[Result "0-1"]
[WhiteElo "2230"]
[BlackElo "2245"]
[PlyCount "96"]
[EventDate "1992.04.??"]
[EventType "swiss"]
[EventRounds "9"]
[EventCountry "FRA"]
[SourceTitle "EXT 1997"]
[Source "ChessBase"]
[SourceDate "1996.11.15"]
[SourceVersion "1"]
[SourceVersionDate "1996.11.15"]
[SourceQuality "1"]

1. d4 Nf6 2. c4 g6 3. Nc3 d5 4. cxd5 Nxd5 5. e4 Nxc3 6. bxc3 Bg7 7. Bc4 0-0 8. Ne2 c5 9. Be3 Nc6 10. Rc1 Bg4 11. f3 Na5 12. Bd3 Bd7 13. 0-0 Rc8 14. Qd2 a6 15. Nf4 b5 16. dxc5 Nb7 17. Qf2 e6 18. Ne2 Qe7 19. c6 Bxc6 20. f4 Rfd8 21. Bb1 Nd6 22. Bb6 Re8 23. Ng3 Qb7 24. e5 Nc4 25. Bd4 b4 26. cxb4 Qxb4 27. Be4 Bb5 28. Rfd1 Bf8 29. Rb1 Qa5 30. Bb7 Rc7 31. Bf3 Rd7 32. Ne4 Be7 33. Bc5 Bd8 34. Rxd7 Bxd7 35. Rd1 Bb5 36. Rxd8 Qxd8 37. Nf6+ Kg7 38. Qh4 Rh8 39. h3 Nd2 40. Bb7 h5 41. f5 Qd3 42. Be4 Nxe4 43. Nxe4 Qf1+ 44. Kh2 Qxf5 45. Bd4 Rb8 46. Ng3 Qd3 47. Bb2 Bc6 48. Qf6+ Kg8 0-1

[Event "Paris-ch op"]
[Site "Paris"]
[Date "1991.??.??"]
[Round "1"]
[White "Rene, Benoit"]
[Black "Tourneur, Jean Francois"]
[Result "1/2-1/2"]
[WhiteElo "2295"]
[BlackElo "2190"]
[PlyCount "108"]
[EventDate "1991.05.??"]
[EventType "swiss"]
[EventRounds "9"]
[EventCountry "FRA"]
[SourceTitle "TD"]
[Source "ChessBase"]
[SourceDate "1994.03.01"]
[SourceVersion "1"]
[SourceVersionDate "1994.03.01"]
[SourceQuality "1"]

1. c4 e6 2. d4 d5 3. cxd5 exd5 4. Nc3 c5 5. Nf3 Nc6 6. Bg5 Be7 7. Bxe7 Ngxe7 8. e3 c4 9. Be2 Rb8 10. 0-0 b5 11. Ne5 Nxe5 12. dxe5 0-0 13. a4 a6 14. axb5 axb5 15. Qd2 b4 16. Nd1 Be6 17. f4 Qb6 18. g4 f5 19. exf6 Rxf6 20. Nf2 Rd8 21. f5 Bf7 22. Qd4 Qb8 23. Nh3 Nc6 24. Qf4 Qxf4 25. Rxf4 Rfd6 26. Ng5 h6 27. Nxf7 Kxf7 28. Kf2 Kf6 29. h4 Ne5 30. Rg1 Ra8 31. g5+ hxg5 32. hxg5+ Kf7 33. Rd4 Ra2 34. Rb1 b3 35. Kg3 Nc6 36. Rxd5 Rxd5 37. Bxc4 Ne7 38. e4 Kf8 39. exd5 Nxf5+ 40. Kf4 Ra4 41. Kxf5 Rxc4 42. Rf1 Rc2 43. Ke6+ Kg8 44. d6 Re2+ 45. Kd5 Rxb2 46. g6 Rd2+ 47. Kc6 Rc2+ 48. Kd7 b2 49. Re1 Rf2 50. Kc7 Rc2+ 51. Kb6 Kf8 52. d7 b1Q+ 53. Rxb1 Ke7 54. Rd1 Kd8 1/2-1/2